God will set your fields on fire (Record no. 17915)

000 -LEADER
fixed length control field 00577nam a22001817a 4500
003 - CONTROL NUMBER IDENTIFIER
control field OkBaRHE
005 - DATE AND TIME OF LATEST TRANSACTION
control field 20111014163952.0
008 - FIXED-LENGTH DATA ELEMENTS--GENERAL INFORMATION
fixed length control field 111014t xxu||||| |||| 00| 0 eng d
040 ## - CATALOGING SOURCE
Transcribing agency OkBaRHE
050 ## - LIBRARY OF CONGRESS CALL NUMBER
Classification number BX 8764 .Z6
Item number C6 G6
100 ## - MAIN ENTRY--PERSONAL NAME
Personal name Coe, Jack
9 (RLIN) 1539
245 ## - TITLE STATEMENT
Title God will set your fields on fire
Remainder of title and other famous sermons as preached by evangelist Jack Coe.
260 ## - PUBLICATION, DISTRIBUTION, ETC. (IMPRINT)
Place of publication, distribution, etc Dallas, TX
Name of publisher, distributor, etc Herald of Healing, Inc
Date of publication, distribution, etc 1954.
300 ## - PHYSICAL DESCRIPTION
Extent 45 p. ill.
Dimensions 21 cm.
650 ## - SUBJECT ADDED ENTRY--TOPICAL TERM
Topical term or geographic name as entry element Pentecostalism
General subdivision Sermons.
9 (RLIN) 1540
650 ## - SUBJECT ADDED ENTRY--TOPICAL TERM
Topical term or geographic name as entry element Sermons, American
General subdivision Pentecostal.
9 (RLIN) 1541
942 ## - ADDED ENTRY ELEMENTS (KOHA)
Source of classification or shelving scheme
Koha item type Books
Copies
Source of classification or shelving scheme Full call number Shelving location Price effective from Current Location Barcode Lost status Withdrawn status Date last seen Koha item type Date acquired Permanent Location Copy number Damaged status Not for loan
 BX 8764 .Z6 C6 G6General Stacks2011-10-14RHEMA Bible Training College12009  2011-10-14Books2011-10-14RHEMA Bible Training College1  
 BX 8764 .Z6 C6 G6General Stacks2011-10-14RHEMA Bible Training College16950  2011-10-14Books2011-10-14RHEMA Bible Training College2